000 00895nam a2200253Ia 4500
003 OSt
005 20221005113314.0
006 a|||||r|||| 00| 0
007 ta
008 221004b |||||||| |||| 00| 0 pan d
020 _a8173801479 (hbk)
_c130
024 _a2495
037 _b687, 16/01/2013, Bright Book Service
_cTextual
040 _aCRL
_cCRL
_bpan
041 _2pan
_apan
082 _aQ8441wK81, 153Q1
100 _aਸਿੰਘ, ਗਿਆਨੀ ਹਰੀ, ਥਦ.
245 0 _aਮਾਤਾ ਸਾਹਿਬ ਕੌਰ
_b 1681-1747
260 _aਪਟਿਆਲਾ
_bਪੰਜਾਬੀ ਯੂਨੀਵਰਸਿਟੀ ਭਾਰਤ
_c2011
300 _a86ਪੰ
_ccm.
650 _aਧਰਮ
942 _hQ8441wK81, 153Q1
_cTEXL
_2cc
999 _c1027735
_d1027735